Le Jongleur de Notre-Dame (Record no. 171547)
[ view plain ]
| 000 -LEADER | |
|---|---|
| campo de control de longitud fija | 01026nam a2200241 i 4500 |
| 001 - NÚMERO DE CONTROL | |
| campo de control | 171547 |
| 003 - IDENTIFICADOR DE NÚMERO DE CONTROL | |
| campo de control | ES-MaACL |
| 005 - FECHA Y HORA DE LA ÚLTIMA TRANSACCIÓN | |
| campo de control | 20250520195915.0 |
| 008 - DATOS DE LONGITUD FIJA--INFORMACIÓN GENERAL | |
| campo de control de longitud fija | 090519s19061910fr |||| | fre d |
| 080 ## - NÚMERO DE LA CLASIFICACIÓN DECIMAL UNIVERSAL | |
| Número de la Clasificación Decimal Universal | 782.1 |
| 100 1# - ENTRADA PRINCIPAL--NOMBRE DE PERSONA | |
| Nombre de persona | Léna, Maurice. |
| 9 (RLIN) | 140237 |
| 245 13 - MENCIÓN DEL TÍTULO | |
| Título | Le Jongleur de Notre-Dame |
| Resto del título | : miracle en trois actes / |
| Mención de responsabilidad, etc. | poème de Maurice Léna ; musique de J. Massenet. |
| 260 ## - PUBLICACIÓN, DISTRIBUCIÓN, ETC. | |
| Lugar de publicación, distribución, etc. | Paris : |
| Nombre del editor, distribuidor, etc. | Heugel, |
| Fecha de publicación, distribución, etc. | 1906. |
| 300 ## - DESCRIPCIÓN FÍSICA | |
| Extensión | 1 v. (47 p. ; 43 p.) ; |
| Dimensiones | 18 cm. |
| 501 ## - NOTA DE CON | |
| Nota de "Con" | Encuadernado con : Don Quichotte : comédie lyrique en cinq actes / poème de Henri Cain, d'après la comédie héroïque de Le Lorrain ; musique de J. Massenet. - Paris : Heugel, 1910. |
| 650 #4 - PUNTO DE ACCESO ADICIONAL DE MATERIA--TÉRMINO DE MATERIA | |
| Término de materia o nombre geográfico como elemento de entrada | Óperas- |
| Subdivisión de forma | Libretos. |
| 9 (RLIN) | 137584 |
| 700 1# - ENTRADA AGREGADA--NOMBRE PERSONAL | |
| Nombre de persona | Massenet, Jules, |
| Fechas asociadas al nombre | 1842-1912 |
| 9 (RLIN) | 240595 |
| 700 1# - ENTRADA AGREGADA--NOMBRE PERSONAL | |
| Nombre de persona | Cain, Henri. |
| 9 (RLIN) | 137954 |
| 700 1# - ENTRADA AGREGADA--NOMBRE PERSONAL | |
| Nombre de persona | Le Lorrain, Jacques. |
| 9 (RLIN) | 140238 |
| 740 0# - ENTRADA AGREGADA--TÍTULO RELACIONADO/ANALÍTICO NO CONTROLADO | |
| Título relacionado o analítico no controlado | Don Quichotte : comédie lyrique en cinq actes. |
| 852 4# - LOCALIZACIÓN | |
| Ubicación | ES-MaACL |
| Número de control de estantería | E-12652 |
| itemnumber | R.190331 |
| Nota libre | . - Biblioteca Jacinto Martínez Lacalle |
| Estatus retirado | Estado de pérdida | Estado de daño | No para préstamo | Biblioteca de origen | Biblioteca actual | Ubicación en estantería | Fecha de adquisición | Fuente de adquisición | Total de préstamos | Signatura topográfica completa | Código de barras | Visto por última vez | Precio de reemplazo | Tipo de ítem Koha |
|---|---|---|---|---|---|---|---|---|---|---|---|---|---|---|
| Biblioteca del Ateneo de Madrid | Biblioteca del Ateneo de Madrid | Depósito 2 | 19/05/2009 | E-12652 | 1180026 | 23/02/2023 | 23/02/2023 | Libro impreso |
